[Event "Pilsen Region-chT 2223"]
[Site "Czech Republic"]
[Date "2023.01.29"]
[Round "7.4"]
[White "Marik, Jiri"]
[Black "Vana, Jan1111"]
[Result "0-1"]
[WhiteElo "2008"]
[BlackElo "1781"]
[PlyCount "130"]
[EventDate "2022.10.09"]
[EventType "team-tourn"]
[EventRounds "11"]
[EventCountry "CZE"]
[SourceTitle "EXT 2024"]
[Source "ChessBase"]
[SourceDate "2023.10.10"]
[SourceVersion "1"]
[SourceVersionDate "2023.10.10"]
[SourceQuality "1"]
[WhiteTeam "Loko"]
[BlackTeam "Tachov"]
[WhiteTeamCountry "CZE"]
[BlackTeamCountry "CZE"]

1. Nf3 Nf6 2. c4 e6 3. g3 d5 4. cxd5 exd5 5. d4 Bd6 6. Bg2 c6 7. 0-0 0-0 8. Nc3 Nbd7 9. a3 Re8 10. b4 a6 11. Qc2 Qe7 12. Re1 Ne4 13. e3 f5 14. Nd2 Ndf6 15. f3 Nxc3 16. Qxc3 f4 17. Nf1 fxg3 18. hxg3 Nh5 19. f4 Nf6 20. Ra2 Bf5 21. Qb3 Be4 22. Rae2 Qf7 23. Bxe4 Nxe4 24. Rg2 Re7 25. Qd3 g5 26. Ree2 g4 27. Rh2 Qf5 28. Rh4 h5 29. Qc2 Rh7 30. Rhh2 Kf7 31. Reg2 Be7 32. Qe2 a5 33. b5 Nc3 34. Qb2 Nxb5 35. a4 Nd6 36. Nd2 Qd3 37. Nf1 b5 38. Rd2 Qe4 39. Qc2 Qxc2 40. Rxc2 Nc4 41. Nd2 Nxd2 42. Bxd2 Ra6 43. e4 dxe4 44. Re2 Ke6 45. Rxe4+ Kd5 46. Re5+ Kxd4 47. axb5 cxb5 48. Be3+ Kd3 49. Rd2+ Kc4 50. Rd4+ Kb3 51. Rd7 a4 52. Rdxe7 Rxe7 53. Rxe7 a3 54. Bd4 Rd6 55. Re3+ Kc4 56. Be5 Rd1+ 57. Kf2 b4 58. Ke2 Rb1 59. f5 b3 60. f6 b2 61. f7 Re1+ 62. Kxe1 b1Q+ 63. Ke2 Qf5 64. Bf4 Qxf7 65. Rxa3 Qe7+ 0-1